000 00287nam a2200121Ia 4500
008 230303s9999 xx 000 0 und d
041 _aeng
082 _a621.3191 RAM
100 _aRam ( Badri )
245 _aPower System Protection and Switchgear
260 _aND
_bMGH
365 _cRS
999 _c185916
_d185916